00238 a2200085 4500001000700000040003500007100002500042240004500067245004000112146197 cEscola São Tomás de Aquino aDOYLE, Arthur Conan 10aO último adeus de Sherlock Holmeslpor10aO último adeus de Sherlock Holmes